000
00276nam a2200121Ia 4500
005
20251222143155.0
008
251222s9999||||xx |||||||||||||| ||spa||
020
_a
84-663-0407-X
082
_a
828.6/S47
100
_a
"Shelley W, Mary"
245
0
_a
Frankenstein
942
_c
LIB
999
_c
12825
_d
12825